[Event "BL 1415 Hamburger SK - Turm Emsdetten"]
[Site "?"]
[Date "2014.10.19"]
[Round "2.6"]
[White "Lampert, Jonas"]
[Black "Van Foreest, Jorden"]
[Result "1/2-1/2"]
[WhiteElo "2442"]
[BlackElo "2455"]
[PlyCount "76"]
[EventDate "2014.??.??"]

1. e4 e5 2. Nf3 Nc6 3. Bb5 a6 4. Ba4 g6 5. c3 d6 6. d4 Bd7 7. d5 Nce7 8. Bxd7+
Qxd7 9. O-O Bg7 10. c4 h6 11. Ne1 f5 12. f3 Nf6 13. Nc3 O-O 14. Nd3 c6 15. Be3
Rac8 16. Rc1 Kh7 17. Qe2 b5 18. dxc6 Nxc6 19. b3 bxc4 20. bxc4 Nd4 21. Bxd4
exd4 22. Nd5 Nxd5 23. cxd5 Rc3 24. Nf4 fxe4 25. Qxe4 Qf5 26. Ne6 Rb8 27. Qxf5
gxf5 28. Nxg7 Kxg7 29. Rxc3 dxc3 30. Rc1 Rc8 31. Kf2 Kf6 32. f4 Kg6 33. Rc2 Rc5
34. Kf3 Kh5 35. h3 Kg6 36. Ke3 Rxd5 37. Rxc3 Ra5 38. Rc6 Rxa2 1/2-1/2

[Event "BL 1415 Hamburger SK - Turm Emsdetten"]
[Site "?"]
[Date "2014.10.19"]
[Round "2.7"]
[White "Janssen, Ruud"]
[Black "Heinemann, Thies"]
[Result "1-0"]
[WhiteElo "2460"]
[BlackElo "2473"]
[PlyCount "109"]
[EventDate "2014.??.??"]

1. Nf3 c5 2. c4 Nc6 3. Nc3 e5 4. g3 g6 5. Bg2 Bg7 6. O-O Nge7 7. a3 O-O 8. Rb1
a5 9. d3 d6 10. Bd2 Re8 11. b3 h6 12. Qc1 Kh7 13. Ne1 Be6 14. e3 Rb8 15. Nd5 b5
16. f4 f5 17. fxe5 Nxe5 18. Nf4 Bf7 19. a4 b4 20. Qc2 d5 21. Nf3 dxc4 22. dxc4
Qc7 23. Rbe1 Rbd8 24. e4 Nxf3+ 25. Bxf3 Rxd2 26. Qxd2 Bc3 27. Qd1 Bxe1 28. Rxe1
fxe4 29. Bxe4 Rd8 30. Qf3 Kg8 31. Rf1 Qe5 32. Nxg6 Bxg6 33. Bxg6 Nxg6 34. Qf7+
Kh8 35. Qxg6 Qe3+ 36. Kh1 Rg8 37. Qf6+ Rg7 38. Qf8+ Rg8 39. Qf6+ Rg7 40. Rf3
Qc1+ 41. Kg2 Qd2+ 42. Kh3 Qd7+ 43. Kg2 Qd2+ 44. Rf2 Qe3 45. Qf8+ Rg8 46. Qf5
Re8 47. Qf6+ Kh7 48. Qf7+ Kh8 49. Rf6 Qd2+ 50. Kh3 Rg8 51. Qe6 Qg5 52. Rxh6+
Kg7 53. Rh4 Kf8 54. Rf4+ Kg7 55. Rg4 1-0

[Event "BL 1415 Hamburger SK - Turm Emsdetten"]
[Site "?"]
[Date "2014.10.19"]
[Round "2.8"]
[White "Carlstedt, Jonathan"]
[Black "Zumsande, Martin"]
[Result "1/2-1/2"]
[WhiteElo "2440"]
[BlackElo "2432"]
[PlyCount "90"]
[EventDate "2014.??.??"]

1. c4 e6 2. g3 d5 3. Bg2 Nf6 4. Nf3 dxc4 5. O-O Nbd7 6. Na3 Bxa3 7. bxa3 Nb6 8.
Bb2 Bd7 9. Ne5 Rb8 10. Rb1 O-O 11. Qc1 Bb5 12. Ba1 c6 13. Qb2 c3 14. dxc3 Nc4
15. Nxc4 Bxc4 16. a4 Qc7 17. Rfd1 Rfd8 18. Rxd8+ Rxd8 19. Bf3 b5 20. Qc2 h5 21.
axb5 cxb5 22. a4 a6 23. axb5 axb5 24. Bb2 Qd6 25. Re1 Qd2 26. Qc1 e5 27. Ba3 e4
28. Bg2 Bxe2 29. Be7 Qxc1 30. Rxc1 Re8 31. Bxf6 gxf6 32. Bf1 Bxf1 33. Kxf1 Rc8
34. Ke2 Kg7 35. Kd2 Kg6 36. Rb1 Rc5 37. Rb4 Kf5 38. f3 exf3 39. Rf4+ Ke5 40.
Rxf3 f5 41. Rf4 Kf6 42. Rb4 Kg5 43. Kd3 Rd5+ 44. Ke3 Re5+ 45. Kd3 Rd5+ 1/2-1/2

[Event "BL 1415 SSC Rostock - Werder Bremen"]
[Site "?"]
[Date "2014.10.19"]
[Round "2.1"]
[White "Areshchenko, Alexander"]
[Black "Tomczak, Jacek"]
[Result "1/2-1/2"]
[WhiteElo "2654"]
[BlackElo "2560"]
[PlyCount "126"]
[EventDate "2014.??.??"]

1. e4 e6 2. d4 d5 3. e5 c5 4. c3 Qb6 5. Nf3 Nc6 6. Be2 cxd4 7. cxd4 Nh6 8. Bd3
Bd7 9. Bc2 Nf5 10. Bxf5 exf5 11. Nc3 Be6 12. O-O h6 13. Qd3 Be7 14. Bd2 Rc8 15.
Na4 Qd8 16. Rac1 O-O 17. a3 Qe8 18. Nc5 b6 19. Nxe6 fxe6 20. Rc3 Qd7 21. Rfc1
Na5 22. Rxc8 Rxc8 23. Rxc8+ Qxc8 24. Bxa5 bxa5 25. Qd2 Qc4 26. h4 Bd8 27. g3
Bb6 28. Kg2 Kh7 29. h5 Kg8 30. Qd1 Kf7 31. Kh3 Qb5 32. b3 a4 33. bxa4 Qb2 34.
Kg2 Qxa3 35. Qc2 Qe7 36. Qc6 Qe8 37. Qb7+ Qe7 38. Qa6 Qc7 39. Qb5 Qd8 40. Qb1
Kg8 41. Qb4 Kf7 42. Nh4 Qe7 43. Qb3 Qc7 44. Nf3 Ke8 45. Qb1 Kf8 46. Qd3 Kg8 47.
Nd2 Qd7 48. Qa6 Bxd4 49. Nb3 Bxe5 50. Nc5 Qe7 51. Nxe6 Kf7 52. Nf4 Bxf4 53.
gxf4 Qd7 54. Kf1 Kg8 55. a5 d4 56. Ke2 Qe7+ 57. Kd1 Qf7 58. Kd2 Kh8 59. Qb5 Kh7
60. Qa6 Qf8 61. Kd3 Qb8 62. Qg6+ Kh8 63. a6 Qxf4 1/2-1/2

[Event "BL 1415 SSC Rostock - Werder Bremen"]
[Site "?"]
[Date "2014.10.19"]
[Round "2.2"]
[White "Szelag, Marcin"]
[Black "McShane, Luke J"]
[Result "1/2-1/2"]
[WhiteElo "2456"]
[BlackElo "2670"]
[PlyCount "110"]
[EventDate "2014.??.??"]

1. e4 e5 2. Nf3 Nc6 3. Bb5 Nf6 4. O-O Nxe4 5. d4 Nd6 6. Bxc6 dxc6 7. dxe5 Nf5
8. Qxd8+ Kxd8 9. Nc3 Bd7 10. Rd1 Kc8 11. Ng5 Be8 12. Rd3 h6 13. Nge4 b6 14. g4
Ne7 15. Bf4 Kb7 16. Rad1 c5 17. Bg3 h5 18. h3 hxg4 19. hxg4 Nc6 20. Nd5 Nd4 21.
c4 Bc6 22. R1d2 Rd8 23. Nec3 f6 24. f3 b5 25. b3 b4 26. Ne4 Bxd5 27. cxd5 Rxd5
28. exf6 gxf6 29. Nxf6 Nxf3+ 30. Kg2 Rxd3 31. Rxd3 Nd4 32. Nd5 Rg8 33. Kh3 Bg7
34. Re3 c6 35. Re7+ Ka6 36. Nc7+ Kb6 37. Ne8 Bf8 38. Rf7 Ne6 39. Bh4 Rh8 40.
Kg3 Bh6 41. Re7 Bf4+ 42. Kf3 Nc7 43. Nxc7 Bxc7 44. Bf2 Rf8+ 45. Ke2 Bf4 46. Re4
a5 47. Rc4 Bd6 48. g5 Rf5 49. Be3 Kb5 50. g6 Bf8 51. Rf4 Rxf4 52. Bxf4 c4 53.
Be5 c5 54. Kd2 cxb3 55. axb3 c4 1/2-1/2

[Event "BL 1415 SSC Rostock - Werder Bremen"]
[Site "?"]
[Date "2014.10.19"]
[Round "2.3"]
[White "Hracek, Zbynek"]
[Black "Rudolf, Henrik"]
[Result "1-0"]
[WhiteElo "2646"]
[BlackElo "2357"]
[PlyCount "55"]
[EventDate "2014.??.??"]

1. e4 c5 2. Nf3 e6 3. d4 cxd4 4. Nxd4 Nc6 5. Nc3 Qc7 6. Be3 a6 7. Qd2 Nf6 8.
O-O-O Be7 9. f3 Ne5 10. g4 b5 11. g5 Nh5 12. Rg1 g6 13. Kb1 O-O 14. f4 Nc4 15.
Bxc4 Qxc4 16. e5 Rd8 17. Ne4 Bb7 18. Nf6+ Nxf6 19. gxf6 Bb4 20. Qf2 Be4 21. f5
exf5 22. Nxf5 Rac8 23. Nh6+ Kf8 24. Rc1 Bd5 25. b3 Qc6 26. Nf5 Re8 27. Qf4 Kg8
28. Qxb4 1-0

[Event "BL 1415 SSC Rostock - Werder Bremen"]
[Site "?"]
[Date "2014.10.19"]
[Round "2.4"]
[White "Gruenberg, Hans-Ulrich"]
[Black "Babula, Vlastimil"]
[Result "1/2-1/2"]
[WhiteElo "2377"]
[BlackElo "2548"]
[PlyCount "62"]
[EventDate "2014.??.??"]

1. d4 Nf6 2. c4 e6 3. Nf3 Bb4+ 4. Bd2 Qe7 5. g3 Bxd2+ 6. Qxd2 Nc6 7. Nc3 d5 8.
b3 O-O 9. Bg2 dxc4 10. bxc4 Rd8 11. e3 Na5 12. c5 Nc6 13. O-O e5 14. Rfe1 Bg4
15. Qb2 Rab8 16. Rac1 exd4 17. exd4 Qf8 18. Nb5 a6 19. Nxc7 Rdc8 20. d5 Rxc7
21. dxc6 Rxc6 22. Qd4 Rc7 23. Ne5 Be6 24. c6 Rbc8 25. a4 h6 26. h4 a5 27. Rc5
bxc6 28. Rxc6 Qb4 29. Rd1 Bb3 30. Qxb4 axb4 31. Rb1 Bxa4 1/2-1/2

[Event "BL 1415 SSC Rostock - Werder Bremen"]
[Site "?"]
[Date "2014.10.19"]
[Round "2.5"]
[White "Bluebaum, Matthias"]
[Black "Tomczak, Rafal"]
[Result "1-0"]
[WhiteElo "2530"]
[BlackElo "2374"]
[PlyCount "77"]
[EventDate "2014.??.??"]

1. d4 d5 2. c4 dxc4 3. e4 e5 4. Nf3 exd4 5. Bxc4 Nc6 6. O-O Bg4 7. Qb3 Be6 8.
Qxb7 Nge7 9. Qa6 Qd6 10. Rd1 Rb8 11. Bxe6 fxe6 12. Qa4 e5 13. Bg5 Qb4 14. Qxb4
Rxb4 15. Rc1 Kd7 16. b3 Ng6 17. Na3 Bd6 18. Nc4 Nd8 19. Bxd8 Rxd8 20. Ne1 Nf4
21. Rc2 Ke6 22. g3 d3 23. Rb2 Rxc4 24. bxc4 Ba3 25. Rb3 d2 26. Rd1 Bb4 27. Nf3
Ne2+ 28. Kf1 Nc3 29. Rxd2 Rxd2 30. Nxd2 Nxa2 31. Rb2 Bxd2 32. Rxa2 Bb4 33. Rxa7
Bd6 34. Ke2 g5 35. c5 Bxc5 36. Rxc7 Be7 37. Kd3 g4 38. Kc4 h5 39. Rxe7+ 1-0

[Event "BL 1415 SSC Rostock - Werder Bremen"]
[Site "?"]
[Date "2014.10.19"]
[Round "2.6"]
[White "Becker, Michael"]
[Black "Smerdon, David"]
[Result "0-1"]
[WhiteElo "2321"]
[BlackElo "2506"]
[PlyCount "64"]
[EventDate "2014.??.??"]

1. e4 d5 2. exd5 Qxd5 3. d4 Nc6 4. Nf3 Bg4 5. Be2 O-O-O 6. Be3 e5 7. Nc3 Bb4 8.
O-O Bxc3 9. bxc3 Nf6 10. c4 Qe4 11. d5 Bxf3 12. gxf3 Qh4 13. Bd3 Ne7 14. Qd2 e4
15. Bg5 Qh3 16. Bxe4 Nxe4 17. fxe4 Qg4+ 18. Kh1 Qf3+ 19. Kg1 Qg4+ 20. Kh1 f6
21. Qe3 fxg5 22. f3 Qh3 23. Qxa7 Rdf8 24. Qa8+ Kd7 25. Qa4+ Kc8 26. Qa8+ Kd7
27. Qa4+ Kd8 28. Qa3 g4 29. d6 Nc6 30. Qa8+ Kd7 31. Qxb7 g3 32. Qxc7+ Ke6 0-1

[Event "BL 1415 SSC Rostock - Werder Bremen"]
[Site "?"]
[Date "2014.10.19"]
[Round "2.7"]
[White "Meins, Gerlef"]
[Black "Ackermann, Hans Werner"]
[Result "1-0"]
[WhiteElo "2439"]
[BlackElo "2287"]
[PlyCount "89"]
[EventDate "2014.??.??"]

1. Nf3 Nf6 2. c4 c5 3. Nc3 Nc6 4. d4 cxd4 5. Nxd4 g6 6. e4 d6 7. Be2 Bg7 8. Be3
O-O 9. O-O Bd7 10. Rc1 Re8 11. Qd2 Ng4 12. Bxg4 Bxg4 13. h3 Bd7 14. Rfd1 Ne5
15. b3 f5 16. exf5 gxf5 17. Nd5 Ng6 18. Bg5 Qb8 19. Nb5 a6 20. Nbc7 e6 21. Nxe8
Bxe8 22. Ne7+ Nxe7 23. Bxe7 Bc6 24. Qg5 Qe8 25. Bf6 Qg6 26. Qxg6 hxg6 27. Bxg7
Kxg7 28. Rxd6 Kf7 29. Re1 Re8 30. f4 Kf6 31. Kf2 Re7 32. h4 Bd7 33. g3 Bc6 34.
Ke3 Rc7 35. Kd4 Bd7 36. b4 Ke7 37. c5 Kf6 38. a4 Kf7 39. b5 axb5 40. axb5 Ke7
41. Kc4 Rc8 42. Ra1 Re8 43. Ra7 Bc8 44. Kd4 Kf6 45. c6 1-0

[Event "BL 1415 SSC Rostock - Werder Bremen"]
[Site "?"]
[Date "2014.10.19"]
[Round "2.8"]
[White "Jeske, Eckhard"]
[Black "Fish, Gennadij"]
[Result "0-1"]
[WhiteElo "2165"]
[BlackElo "2466"]
[PlyCount "86"]
[EventDate "2014.??.??"]

1. c4 c5 2. Nc3 Nc6 3. g3 g6 4. Bg2 Bg7 5. d3 e6 6. e4 Nge7 7. Nge2 d6 8. Be3
Nd4 9. Qd2 Rb8 10. Rb1 Nec6 11. O-O O-O 12. Bh6 Qf6 13. Bxg7 Qxg7 14. Nxd4 Nxd4
15. b4 b6 16. Rb2 Bd7 17. Rfb1 Rbd8 18. Ne2 Bc6 19. Qe3 Nxe2+ 20. Qxe2 Qd4 21.
Qe3 Qxe3 22. fxe3 Kg7 23. a3 e5 24. Rf1 b5 25. Rc1 a6 26. Rd2 Rc8 27. bxc5 dxc5
28. d4 exd4 29. exd4 cxd4 30. cxb5 Bxb5 31. Rxc8 Rxc8 32. Rxd4 Rc1+ 33. Kf2
Rc2+ 34. Kf3 Ra2 35. h4 Rxa3+ 36. Kf4 h6 37. g4 a5 38. Rd5 Bc4 39. Rc5 Be6 40.
g5 h5 41. Rc1 a4 42. Bf1 Rb3 43. Bc4 Bxc4 0-1

[Event "BL 1415 Schachfr. Berlin - OSG Baden Ba"]
[Site "?"]
[Date "2014.10.19"]
[Round "2.4"]
[White "Lauber, Arnd"]
[Black "Nisipeanu, Liviu-Dieter"]
[Result "1-0"]
[WhiteElo "2441"]
[BlackElo "2665"]
[PlyCount "65"]
[EventDate "2014.??.??"]

1. d4 Nf6 2. c4 e6 3. Nc3 Bb4 4. Nf3 Bxc3+ 5. bxc3 d6 6. Qc2 Nc6 7. e4 e5 8. d5
Ne7 9. Bd3 Ng6 10. g3 O-O 11. h4 Nxe4 12. h5 Nh8 13. Ng5 f5 14. Nxe4 fxe4 15.
Bxe4 h6 16. Bh7+ Kf7 17. f4 Qf6 18. Be3 Ke7 19. O-O Bh3 20. fxe5 Qxe5 21. Bf4
Qxh5 22. Rae1+ Kd7 23. Qa4+ Kc8 24. Re7 Rd8 25. Bxd6 Rxd6 26. Re8+ Rd8 27.
Rxd8+ Kxd8 28. Rf8+ Ke7 29. Rxa8 Bg2 30. Rxh8 Qh1+ 31. Kf2 Qf1+ 32. Ke3 Qc1+
33. Ke2 1-0

[Event "BL 1415 Schachfr. Berlin - OSG Baden Ba"]
[Site "?"]
[Date "2014.10.19"]
[Round "2.5"]
[White "Movsesian, Sergei"]
[Black "Berndt, Stephan"]
[Result "1-0"]
[WhiteElo "2657"]
[BlackElo "2441"]
[PlyCount "61"]
[EventDate "2014.??.??"]

1. c4 Nf6 2. Nc3 c5 3. g3 g6 4. Bg2 Bg7 5. e3 Nc6 6. Nge2 d6 7. d4 Bd7 8. b3 a6
9. Bb2 Rb8 10. O-O O-O 11. Qd2 cxd4 12. exd4 b5 13. cxb5 axb5 14. d5 Na5 15.
Rfe1 b4 16. Nd1 Re8 17. Ne3 Qb6 18. Rad1 Ng4 19. Bxg7 Kxg7 20. Nd4 Nf6 21. Rc1
e5 22. Nc6 Bxc6 23. dxc6 Qc7 24. Nf5+ gxf5 25. Qg5+ Kf8 26. Qxf6 Re6 27. Qxf5
Kg7 28. Be4 h6 29. Qh7+ Kf8 30. Bf5 Rf6 31. Qh8+ 1-0

[Event "BL 1415 Schachfr. Berlin - OSG Baden Ba"]
[Site "?"]
[Date "2014.10.19"]
[Round "2.6"]
[White "Moreno Tejera, Emilio"]
[Black "Meier, Georg"]
[Result "1/2-1/2"]
[WhiteElo "2441"]
[BlackElo "2647"]
[PlyCount "58"]
[EventDate "2014.??.??"]

1. e4 e6 2. d4 d5 3. Nc3 dxe4 4. Nxe4 Nd7 5. Nf3 Ngf6 6. Nxf6+ Nxf6 7. Bg5 h6
8. Bh4 c5 9. Bb5+ Bd7 10. Bxd7+ Qxd7 11. Qe2 Be7 12. O-O O-O 13. dxc5 Bxc5 14.
Rad1 Qc7 15. Bxf6 gxf6 16. Rd3 Rfd8 17. Rfd1 Rxd3 18. Rxd3 Rd8 19. Ne1 Rxd3 20.
Nxd3 Bd6 21. g3 f5 22. c3 Qc4 23. Qd2 Kh7 24. b3 Qe4 25. c4 b6 26. Qc3 Bf8 27.
b4 Bg7 28. Qc2 Bd4 29. c5 bxc5 1/2-1/2

[Event "BL 1415 Schachfr. Berlin - OSG Baden Ba"]
[Site "?"]
[Date "2014.10.19"]
[Round "2.7"]
[White "Dautov, Rustem"]
[Black "Abel, Dennes"]
[Result "1/2-1/2"]
[WhiteElo "2604"]
[BlackElo "2446"]
[PlyCount "40"]
[EventDate "2014.??.??"]

1. d4 d5 2. c4 c6 3. cxd5 cxd5 4. Nc3 Nf6 5. Bf4 Nc6 6. e3 Bg4 7. Nf3 Rc8 8. h3
Bxf3 9. Qxf3 e6 10. Bd3 h6 11. Bg3 Bd6 12. Bh4 Be7 13. Bxf6 Bxf6 14. O-O O-O
15. Rac1 Qa5 16. a3 Rfd8 17. Rfd1 a6 18. g3 b5 19. h4 Qb6 20. b4 Rc7 1/2-1/2

[Event "BL 1415 Schachfr. Berlin - OSG Baden Ba"]
[Site "?"]
[Date "2014.10.19"]
[Round "2.8"]
[White "Thiede, Lars"]
[Black "Schlosser, Philipp"]
[Result "1/2-1/2"]
[WhiteElo "2443"]
[BlackElo "2570"]
[PlyCount "59"]
[EventDate "2014.??.??"]

1. c4 c5 2. g3 Nf6 3. Bg2 d5 4. cxd5 Nxd5 5. Nc3 Nc7 6. d3 e5 7. Be3 Be7 8. Rc1
Nd7 9. Nf3 O-O 10. O-O Rb8 11. Nd2 b6 12. Nd5 Nxd5 13. Bxd5 Nf6 14. Bf3 Nd5 15.
Nc4 f6 16. Bd2 Be6 17. a3 Qd7 18. Qc2 Rfd8 19. Rfd1 Nc7 20. Bc3 Kh8 21. e3 Bf5
22. Be4 Bxe4 23. dxe4 Qe6 24. b3 b5 25. Na5 Ne8 26. Be1 Rdc8 27. Qd3 Rc7 28.
Qd5 Qc8 29. b4 c4 30. f4 1/2-1/2

[Event "BL 1415 USV TU Dresden - SC Eppingen"]
[Site "?"]
[Date "2014.10.19"]
[Round "2.3"]
[White "Postny, Evgeny"]
[Black "Gajewski, Grzegorz"]
[Result "1/2-1/2"]
[WhiteElo "2652"]
[BlackElo "2643"]
[PlyCount "63"]
[EventDate "2014.??.??"]

1. d4 Nf6 2. c4 e6 3. Nf3 d5 4. Nc3 Bb4 5. Qa4+ Nc6 6. e3 O-O 7. Qc2 Re8 8. Bd2
Bf8 9. Be2 Nb4 10. Qb1 c5 11. dxc5 Bxc5 12. a3 Nc6 13. O-O dxc4 14. Bxc4 b6 15.
Ne4 Nxe4 16. Qxe4 Bb7 17. Bc3 Bf8 18. Rfd1 Qe7 19. Bd3 g6 20. Bb5 Qc5 21. Bxc6
Bxc6 22. Qf4 Qf5 23. Qe5 Qxe5 24. Nxe5 Rec8 25. Nxc6 Rxc6 26. Rd7 a5 27. Kf1
Bg7 28. Bxg7 Kxg7 29. Rad1 Rc2 30. R1d2 Rxd2 31. Rxd2 Rc8 32. Ke2 1/2-1/2

[Event "BL 1415 USV TU Dresden - SC Eppingen"]
[Site "?"]
[Date "2014.10.19"]
[Round "2.4"]
[White "Bartel, Mateusz"]
[Black "Medvegy, Zoltan"]
[Result "1-0"]
[WhiteElo "2652"]
[BlackElo "2510"]
[PlyCount "125"]
[EventDate "2014.??.??"]

1. e4 e6 2. d4 d5 3. Nc3 Bb4 4. e5 Ne7 5. a3 Bxc3+ 6. bxc3 Nd7 7. h4 c5 8. h5
Qc7 9. Rh3 h6 10. Qg4 Nf5 11. Kd1 O-O 12. Ne2 Nb6 13. Qf4 f6 14. exf6 Qxf4 15.
Bxf4 Rxf6 16. Be5 Rf7 17. Nc1 Nd7 18. Nd3 c4 19. Ne1 Nxe5 20. dxe5 Ne7 21. Rf3
g5 22. hxg6 Nxg6 23. Rxf7 Kxf7 24. Nf3 Bd7 25. g3 h5 26. Be2 Rh8 27. Kd2 h4 28.
gxh4 Nxh4 29. Ng5+ Ke7 30. Rh1 Rh6 31. Bg4 Nf5 32. Rg1 Rh2 33. Ke2 Nh4 34. Bh3
Ng6 35. Kf3 Nxe5+ 36. Kg3 Rxh3+ 37. Nxh3 Ba4 38. Re1 Kd6 39. Ng5 Bxc2 40. f4
Nc6 41. Rxe6+ Kd7 42. Re1 d4 43. cxd4 Nxd4 44. Nf3 Nf5+ 45. Kf2 Kd6 46. Rc1 Bb3
47. Nd2 Kd5 48. Rb1 Nd4 49. Nxb3 Nxb3 50. Ke3 b5 51. Rd1+ Ke6 52. Rd8 a6 53.
Ra8 Nc5 54. Rc8 Kd5 55. Rd8+ Ke6 56. Kd4 Nb3+ 57. Kc3 Nc5 58. Re8+ Kd7 59. Re2
Nd3 60. f5 Nf4 61. Re4 Nd5+ 62. Kd4 Ne7 63. f6 1-0

[Event "BL 1415 USV TU Dresden - SC Eppingen"]
[Site "?"]
[Date "2014.10.19"]
[Round "2.5"]
[White "Guliyev, Namig"]
[Black "Socko, Bartosz"]
[Result "1/2-1/2"]
[WhiteElo "2556"]
[BlackElo "2611"]
[PlyCount "112"]
[EventDate "2014.??.??"]

1. e4 e5 2. Nf3 Nc6 3. Bb5 a6 4. Ba4 Nf6 5. O-O Be7 6. Re1 b5 7. Bb3 d6 8. c3
O-O 9. h3 Nb8 10. d4 Nbd7 11. Nbd2 Bb7 12. Bc2 Re8 13. Nf1 Bf8 14. Ng3 g6 15.
a4 Bg7 16. Bd3 c6 17. Bg5 Qc7 18. Qd2 Nf8 19. b4 Ne6 20. Be3 Rad8 21. Qc1 Nd7
22. Ra2 Rc8 23. Nf1 Nb6 24. a5 Nd7 25. Rc2 c5 26. d5 Nf4 27. Bxf4 exf4 28. Qxf4
Re7 29. N1d2 Rce8 30. c4 cxb4 31. cxb5 Nc5 32. bxa6 Bxd5 33. exd5 Rxe1+ 34.
Nxe1 Rxe1+ 35. Bf1 Bc3 36. Nc4 Nxa6 37. Re2 Rxe2 38. Bxe2 b3 39. Qe3 b2 40.
Nxb2 Bxb2 41. Bxa6 Qxa5 42. Bc4 Qa1+ 43. Bf1 Bd4 44. Qf3 h5 45. g3 Kg7 46. Kg2
Qa2 47. Be2 Qd2 48. Bc4 Qe1 49. Qe2 Bxf2 50. Qxe1 Bxe1 51. g4 Kh6 52. Bb5 Kg5
53. Be8 f6 54. Kf3 Bc3 55. Bf7 Be5 56. Be8 f5 1/2-1/2

[Event "BL 1415 USV TU Dresden - SC Eppingen"]
[Site "?"]
[Date "2014.10.19"]
[Round "2.6"]
[White "Maiwald, Jens-Uwe"]
[Black "Mann, Christian  Dr"]
[Result "1-0"]
[WhiteElo "2471"]
[BlackElo "2439"]
[PlyCount "67"]
[EventDate "2014.??.??"]

1. d4 d5 2. c4 Nc6 3. Nc3 Nf6 4. Nf3 dxc4 5. Bg5 a6 6. d5 Na5 7. e4 h6 8. Bh4
c6 9. dxc6 Qxd1+ 10. Rxd1 Nxc6 11. e5 Nd7 12. Nd5 Ra7 13. Bxc4 b5 14. Bb3 e6
15. Rc1 Ndb8 16. Nc3 g5 17. Bg3 Bg7 18. Ne4 Bb7 19. O-O Ba8 20. Nf6+ Ke7 21.
Nh5 Rg8 22. Nxg7 Rxg7 23. Rfe1 Rg8 24. h4 g4 25. Nd2 Nd4 26. Bf4 Nf5 27. Ne4
Nc6 28. Nd6 Nxh4 29. Bxh6 Nxg2 30. Kxg2 Nxe5+ 31. Kg3 Nd3 32. Nc8+ Rxc8 33.
Rxc8 Nxe1 34. Be3 1-0

[Event "BL 1415 USV TU Dresden - SC Eppingen"]
[Site "?"]
[Date "2014.10.19"]
[Round "2.7"]
[White "Noe, Christopher"]
[Black "Wegener, Dirk"]
[Result "1/2-1/2"]
[WhiteElo "2332"]
[BlackElo "2351"]
[PlyCount "58"]
[EventDate "2014.??.??"]

1. e4 e6 2. d3 d5 3. Nd2 Nf6 4. Ngf3 Be7 5. g3 dxe4 6. dxe4 b6 7. Bg2 Ba6 8. c4
Nfd7 9. O-O e5 10. b3 O-O 11. Bb2 f6 12. Qe2 Nc5 13. Rad1 Qd3 14. Qxd3 Nxd3 15.
Bc3 Rd8 16. Ne1 Nxe1 17. Rfxe1 Nc6 18. Nf1 Nb4 19. Rd2 Rxd2 20. Bxd2 Rd8 21.
Bf3 Nc2 22. Rd1 Nd4 23. Kg2 Bc8 24. Ne3 c6 25. Bc3 Kf7 26. Bg4 Bxg4 27. Nxg4
Ne6 28. Rxd8 Bxd8 29. Ne3 g6 1/2-1/2

[Event "BL 1415 USV TU Dresden - SC Eppingen"]
[Site "?"]
[Date "2014.10.19"]
[Round "2.8"]
[White "Neef, Maximilian"]
[Black "Reimold, Jonas"]
[Result "1-0"]
[WhiteElo "2353"]
[BlackElo "2023"]
[PlyCount "67"]
[EventDate "2014.??.??"]

1. Nf3 f5 2. d4 g6 3. g3 Nf6 4. Bg2 Bg7 5. O-O d6 6. b3 O-O 7. Bb2 Qe8 8. Nbd2
Na6 9. Qe1 e5 10. dxe5 Ng4 11. e4 Nxe5 12. Nxe5 Bxe5 13. Bxe5 Qxe5 14. Nc4 Qf6
15. exf5 gxf5 16. Qd2 Rb8 17. Rae1 Bd7 18. Ne3 Bc6 19. Nd5 Bxd5 20. Bxd5+ Kh8
21. Re6 Qg7 22. Rfe1 Nc5 23. Re7 Qf6 24. Rxc7 Rbe8 25. Rxe8 Rxe8 26. Rf7 Ne4
27. Rxf6 Nxd2 28. Rxd6 Re2 29. Bxb7 Nb1 30. c4 Rxa2 31. c5 Rc2 32. c6 Na3 33.
Rd8+ Kg7 34. Rd7+ 1-0

[Event "BL 1415 Bayern München - SV Mülheim N"]
[Site "?"]
[Date "2014.10.19"]
[Round "2.2"]
[White "Schenk, Andreas"]
[Black "Motylev, Alexander"]
[Result "1/2-1/2"]
[WhiteElo "2491"]
[BlackElo "2682"]
[PlyCount "89"]
[EventDate "2014.??.??"]

1. d4 f5 2. Nc3 Nf6 3. Bg5 d5 4. f3 c6 5. Qd2 Be6 6. e4 dxe4 7. fxe4 fxe4 8.
Nge2 Nbd7 9. Ng3 h6 10. Bf4 g5 11. Be3 Bd5 12. Be2 Qc7 13. Nxd5 cxd5 14. c4
dxc4 15. O-O e6 16. Qc2 Bd6 17. Nxe4 Bxh2+ 18. Kh1 Nd5 19. Bf2 Bf4 20. Nc5 Nxc5
21. dxc5 O-O-O 22. Bxc4 Rhf8 23. Rae1 Bg3 24. Rxe6 Bxf2 25. Rxf2 Nf4 26. Re1
Rfe8 27. Rxe8 Rxe8 28. Bb5 Re5 29. b4 Qe7 30. g3 Nh3 31. Rd2 Kb8 32. Bd7 Re1+
33. Kg2 Qe3 34. Kxh3 h5 35. Rf2 h4 36. Kg4 Qd4+ 37. Kxg5 Qxd7 38. Kxh4 Rh1+ 39.
Kg5 Rh8 40. Qg6 Qd8+ 41. Qf6 Qg8+ 42. Qg6 Qd8+ 43. Qf6 Qg8+ 44. Qg6 Qd8+ 45.
Qf6 1/2-1/2

[Event "BL 1415 Bayern München - SV Mülheim N"]
[Site "?"]
[Date "2014.10.19"]
[Round "2.3"]
[White "Landa, Konstantin"]
[Black "Belezky, Alexander"]
[Result "1-0"]
[WhiteElo "2647"]
[BlackElo "2451"]
[PlyCount "55"]
[EventDate "2014.??.??"]

1. Nf3 Nf6 2. c4 Nc6 3. d4 e6 4. a3 d6 5. Nc3 Bd7 6. g3 e5 7. Bg2 a5 8. O-O h6
9. b3 Be7 10. Bb2 Bg4 11. dxe5 dxe5 12. Nd5 Nd7 13. Qc2 O-O 14. Rad1 Bd6 15. b4
axb4 16. axb4 Re8 17. c5 Bf8 18. Rd2 Qb8 19. b5 Bxf3 20. bxc6 bxc6 21. Bxf3
cxd5 22. Bxd5 Nxc5 23. Qc4 Rd8 24. Bxe5 Ra4 25. Bxf7+ Kh8 26. Qc1 Re4 27. Rxd8
Qxd8 28. Qxh6# 1-0

[Event "BL 1415 Bayern München - SV Mülheim N"]
[Site "?"]
[Date "2014.10.19"]
[Round "2.4"]
[White "Fedorovsky, Michael"]
[Black "Fridman, Daniel"]
[Result "0-1"]
[WhiteElo "2436"]
[BlackElo "2635"]
[PlyCount "82"]
[EventDate "2014.??.??"]

1. d4 Nf6 2. c4 e6 3. Nc3 Bb4 4. Qc2 d5 5. cxd5 exd5 6. Bg5 h6 7. Bh4 Nc6 8. e3
g5 9. Bg3 h5 10. f3 Qe7 11. Qd2 h4 12. Bf2 a6 13. O-O-O Be6 14. Bd3 g4 15. Qe1
h3 16. gxh3 gxf3 17. Nxf3 Ne4 18. Kb1 Bxc3 19. bxc3 Qa3 20. Rc1 Rxh3 21. Ng1
Nb4 22. cxb4 Nxf2 23. Nxh3 Qxd3+ 24. Ka1 Nxh3 25. Rxc7 Rc8 26. Rxc8+ Bxc8 27.
Qc1 Be6 28. Rd1 Qe2 29. Qd2 Qf3 30. Rc1 Kf8 31. Kb2 Bf5 32. Ka1 Kg7 33. Qe1 Nf2
34. Qg1+ Ng4 35. Rc3 Bg6 36. Kb2 Nf2 37. Ka3 Nd1 38. Rb3 Qe2 39. Qg5 Qd2 40.
Qe5+ Kh7 41. e4 Nc3 0-1

[Event "BL 1415 Bayern München - SV Mülheim N"]
[Site "?"]
[Date "2014.10.19"]
[Round "2.5"]
[White "Hausrath, Daniel"]
[Black "Jorczik, Julian"]
[Result "1/2-1/2"]
[WhiteElo "2515"]
[BlackElo "2400"]
[PlyCount "54"]
[EventDate "2014.??.??"]

1. Nf3 Nf6 2. g3 b5 3. Bg2 Bb7 4. Na3 a6 5. c4 b4 6. Nc2 e6 7. d4 c5 8. d5 exd5
9. Nh4 g6 10. Ne3 Bg7 11. cxd5 O-O 12. Nc4 d6 13. Bf4 Ne8 14. Qd2 a5 15. Bh6
Ba6 16. Bxg7 Kxg7 17. Rc1 Nd7 18. O-O a4 19. f4 f6 20. Kh1 Bxc4 21. Rxc4 a3 22.
b3 Nc7 23. Qd3 Nb6 24. Rc2 Qd7 25. e4 Rae8 26. Rcf2 Nb5 27. Bh3 Qxh3 1/2-1/2

[Event "BL 1415 Bayern München - SV Mülheim N"]
[Site "?"]
[Date "2014.10.19"]
[Round "2.6"]
[White "Richter, Wolfgang"]
[Black "Levin, Felix"]
[Result "1/2-1/2"]
[WhiteElo "2398"]
[BlackElo "2504"]
[PlyCount "50"]
[EventDate "2014.??.??"]

1. d4 d5 2. Bf4 c5 3. e3 Nc6 4. c3 Nf6 5. Nd2 Qb6 6. Qb3 c4 7. Qc2 g6 8. e4
Nxe4 9. Nxe4 dxe4 10. Bxc4 Bg7 11. Be3 Qc7 12. Qxe4 Bf5 13. Qh4 O-O 14. Rc1 Na5
15. Be2 Nc4 16. Nf3 Nxb2 17. O-O Rfe8 18. c4 Bd3 19. Bxd3 Nxd3 20. Rb1 e5 21.
dxe5 Nxe5 22. Nxe5 Bxe5 23. c5 Rad8 24. h3 Qc6 25. Rfd1 Rxd1+ 1/2-1/2

[Event "BL 1415 Bayern München - SV Mülheim N"]
[Site "?"]
[Date "2014.10.19"]
[Round "2.7"]
[White "Saltaev, Mihail"]
[Black "Meister, Peter"]
[Result "1-0"]
[WhiteElo "2476"]
[BlackElo "2411"]
[PlyCount "65"]
[EventDate "2014.??.??"]

1. e4 g6 2. d4 Bg7 3. Nc3 d6 4. f4 e6 5. Be3 a6 6. Bd3 Nd7 7. Nf3 c5 8. O-O
cxd4 9. Nxd4 Ngf6 10. Kh1 O-O 11. Qe1 Qc7 12. Qh4 Re8 13. Rae1 b5 14. a3 Bb7
15. Nf3 Rad8 16. Bd2 Nc5 17. b4 Nxd3 18. cxd3 d5 19. e5 Nd7 20. Rc1 Qb8 21. Ne2
f6 22. Ned4 Rc8 23. Qh3 Rxc1 24. Rxc1 fxe5 25. Nxe6 Bf6 26. fxe5 Nxe5 27. Rc7
Nf7 28. Bf4 Qa8 29. Rxf7 Kxf7 30. Nc7 Qc8 31. Qxh7+ Bg7 32. Nxe8 Qxe8 33. Be5
1-0